Mapas y herramientas para conocer la escuela: investigación etnográfica e investigación-acción (Registro nro. 5133)
[ vista simple ]
| 000 -Cabecera | |
|---|---|
| Campo de control de longitud fija | 00698nam a22002417a 4500 |
| 005 - Fecha y hora de la última transacción | |
| Campo de control | 20231010084934.0 |
| 008 - Elementos de longitud fija--Información general | |
| Campo de control de longitud fija | 150505b2014 xxu||||| |||| 00| 0 spa d |
| 020 ## - International Standard Book Number | |
| Número Internacional Estándar del Libro (ISBN) | 9789871142972 |
| 041 ## - Idioma | |
| Código de idioma | Español |
| 082 ## - Clasificación Decimal Dewey | |
| Número de clasificación | 306.43 Y95m3 |
| 100 ## - Entrada principal--Autor personal | |
| Nombre personal | Yuni, José A. |
| 9 (RLIN) | 35106 |
| 245 ## - Título propiamente dicho | |
| Título | Mapas y herramientas para conocer la escuela: investigación etnográfica e investigación-acción |
| 250 ## - Edición | |
| Mención de edición | 3 edición |
| 260 ## - Pie de imprenta | |
| Lugar de publicación, distribución, etc. | Argentina |
| Nombre del editor, distribuidor, etc. | Brujas |
| Fecha de publicación, distribución, etc. | 2014 |
| 300 ## - Descripción física | |
| Extensión | 284 páginas |
| 650 ## - Materia general | |
| Temática (materia general) | CONOCIMIENTO CIENTIFICO |
| 650 ## - Materia general | |
| Temática (materia general) | INVESTIGACIÓN |
| 650 ## - Materia general | |
| Temática (materia general) | ACCIÓN |
| 650 ## - Materia general | |
| Temática (materia general) | INVESTIGACIÓN ETNOGRÁFICA |
| 650 ## - Materia general | |
| Temática (materia general) | ETNOGRAFÍA EDUCATIVA |
| 650 ## - Materia general | |
| Temática (materia general) | ENTREVISTA |
| 942 ## - Punto de acceso adicional KOHA | |
| Tipo de ítem KOHA | Libro |
| Fuente del sistema de clasificación o colocación | Dewey Decimal Classification |
| Signatura completa | Código de barras | Tipo de ítem |
|---|---|---|
| 306.43 Y95m3 | 19441 | Libro |